000 00531nam a2200205Ia 4500
003 0100
008 130303s9999 xx 000 0 und d
040 _cARRUPELIB
050 _aD16.8.M63 1959
245 4 _aThe philosophy of history in our time
245 _ban antholoselected, and with an introduction and commentary
260 _aGarden City, N.Y.
260 _bDoubleday
260 _C1959
300 _a350p.
300 _b19cm.
440 _aDouble day Anchor books
700 _aHans Meyerhoff ed
942 0 0 _01
999 _c17032
_d17032